[Event "20th Cvijet Mediterana 2020"]
[Site "Rijeka"]
[Date "2020.03.04"]
[Round "5.5"]
[White "Smirnova, Ekaterina"]
[Black "Medic, Mirjana"]
[Result "1/2-1/2"]
[WhiteElo "2266"]
[BlackElo "2210"]
[Annotator "TA"]
[PlyCount "119"]
[EventDate "2020.03.01"]
[EventType "tourn"]
[EventCountry "CRO"]
[SourceTitle "playchess.com"]
[Source "ChessBase"]
[SourceQuality "1"]

{[%evp 15,119,33,44,44,44,43,41,37,60,56,64,47,58,48,63,58,63,54,49,31,52,69,54,48,121,28,35,38,24,34,134,0,0,0,0,0,0,-3,-6,-2,-3,0,-4,0,0,0,0,0,32,8,8,8,8,8,8,8,27,22,35,41,82,82,84,24,59,72,73,0,0,0,0,0,8,0,8,8,14,8,53,67,86,0,0,0,83,27,86,86,83,16,14,18,60,8,8,8,8,8,8,8,8,8,8,8,8,0]} 1. d4 e6 2. c4 f5 3. g3 Nf6 4. Bg2 d5 5. Nh3 c6 6. Qc2 Bd6 7. O-O O-O 8. Nd2 {[%cal Bb1d2,Bd2f3,Bf3e5][%mdl 32]} Qe7 9. Nf3 {A90: Dutch Defence: Miscellaneous and Modern Stonewall (with ...Bd6).} b6 {is the legacy move (9...Ne4).} 10. Bf4 Ne4 11. Rac1 {White is slightly better.} Bxf4 12. Nxf4 Bb7 {[#]} 13. cxd5 $146 ({Predecessor:} 13. Ne5 Nd7 14. Nxd7 Qxd7 15. Rfd1 Rfc8 16. a3 a5 17. Nd3 Nf6 18. Qb3 Qd8 19. Ne5 {½-½ (30) Horvath,J (2515)-Zelic,Z (2390) Solin 1994}) 13... exd5 14. Ne5 c5 15. e3 Na6 16. Rfd1 Nc7 17. Bh3 c4 18. b3 b5 19. Bg2 Ne8 ({Better is} 19... Ne6 $14) 20. bxc4 (20. a4 $1 $16) 20... dxc4 $11 21. a4 a6 22. Rb1 N8d6 ({Black should play} 22... g5 $1 $14 23. Ne2 (23. axb5 gxf4 24. Qxc4+ Kg7 $15) 23... N8d6) 23. f3 ({White has to play} 23. axb5 $16 {Black must now prevent b6.} axb5 24. Rxb5 $1 {[%mdl 512]}) 23... Nf6 24. axb5 axb5 25. Rxb5 g5 26. Rxb7 Qxb7 27. Ne6 $132 {[%mdl 2112] Double Attack. White has counterplay} Qb3 28. Qxb3 cxb3 29. Nxf8 Kxf8 30. Rb1 Ra3 31. Bf1 {Threatens to win with Nc4.} Nd5 32. Nd7+ Ke7 33. Nc5 Nxe3 34. Rxb3 Rxb3 35. Nxb3 {[%mdl 4096] Endgame KBN-KNN} Ke6 36. Bd3 h6 37. Kf2 Nd5 38. Nc5+ Kf6 39. Be2 (39. Bc2 $16) 39... Ke7 40. Ke1 f4 {[#]} 41. gxf4 (41. g4 $1 $16) 41... Nxf4 42. Kd2 Nf5 43. Nb3 Kd6 44. Ba6 Kd5 45. Kc3 Kd6 46. Nc5 Ne3 47. Ne4+ Ke6 48. Kb4 Kd5 49. Kc3 Ke6 50. Bc4+ (50. Kd2 $16 Ned5 51. Bc4) 50... Kf5 (50... Nfd5+ $11 51. Bxd5+ Kxd5) 51. Ng3+ $16 Kf6 52. Kb4 ({White should try} 52. Ba6 $16) 52... g4 $11 53. fxg4 {Threatening Ne4+.} Nxg4 54. h4 (54. Nf1 $1 $14) 54... Ng2 {The position is equal.} 55. h5 Nf4 56. Kc5 Kg5 57. d5 Nf6 58. d6 N4xh5 59. Nxh5 Kxh5 60. Kc6 {Accuracy: White = 81%, Black = 82%.} 1/2-1/2

[Event "20th Cvijet Mediterana 2020"]
[Site "Rijeka"]
[Date "2020.03.05"]
[Round "6.1"]
[White "Vujnovic, Patricija"]
[Black "Medic, Mirjana"]
[Result "1/2-1/2"]
[WhiteElo "2103"]
[BlackElo "2210"]
[Annotator "TA"]
[PlyCount "33"]
[EventDate "2020.03.01"]
[EventType "tourn"]
[EventCountry "CRO"]
[SourceTitle "playchess.com"]
[Source "ChessBase"]
[SourceQuality "1"]

{[%evp 11,33,10,5,0,29,20,10,25,24,18,11,22,20,20,22,25,35,19,29,25,27,35,14,0]} 1. d4 d5 2. c4 c6 3. Nf3 Nf6 4. e3 Bg4 5. Qb3 Qb6 6. Nc3 e6 7. Nh4 {D11: Slav Defence: 3 Nf3 sidelines and 3...Nf6 4 e3 Bg4.} Nbd7 8. h3 Bh5 9. g4 Bg6 10. Nxg6 hxg6 11. Bg2 g5 12. Bd2 Be7 13. O-O-O O-O-O 14. Qa4 dxc4 15. Qxc4 Nf8 {[#]} 16. Kb1 $146 ({Predecessor:} 16. Qa4 Kb8 17. Ne4 Nxe4 18. Bxe4 Qb5 19. Qxb5 {½-½ (19) Houska,J (2415)-Paehtz,E (2457) Porto Carras 2011}) 16... Ng6 17. Rhe1 {Not much happened in this game. Accuracy: White = 100%, Black = 89%.} 1/2-1/2

[Event "20th Cvijet Mediterana 2020"]
[Site "Rijeka"]
[Date "2020.03.05"]
[Round "6.2"]
[White "Spiranec, Noemi"]
[Black "Smirnova, Ekaterina"]
[Result "1/2-1/2"]
[WhiteElo "2083"]
[BlackElo "2266"]
[Annotator "TA"]
[PlyCount "83"]
[EventDate "2020.03.01"]
[EventType "tourn"]
[EventCountry "CRO"]
[SourceTitle "playchess.com"]
[Source "ChessBase"]
[SourceQuality "1"]

{[%evp 11,83,0,13,-6,22,18,20,20,20,11,12,11,11,11,18,10,13,14,10,8,15,9,13,0,0,0,47,32,35,40,47,19,31,34,73,0,0,0,0,-1,0,0,1,0,0,0,0,0,53,38,57,0,0,0,0,-8,57,58,59,52,99,97,96,99,116,107,96,98,104,0,53,0,95,0]} 1. d4 d5 2. c4 c6 3. Nf3 Nf6 4. e3 Bg4 5. Qb3 Qb6 6. Nc3 e6 7. Nh4 {D11: Slav Defence: 3 Nf3 sidelines and 3...Nf6 4 e3 Bg4.} Nbd7 8. h3 Bh5 9. g4 {The position is equal.} Bg6 10. Nxg6 hxg6 11. Bg2 g5 12. Bd2 Be7 13. O-O-O O-O-O 14. Qa4 dxc4 15. Qxc4 Nf8 {[#]} 16. Kb1 $146 ({Predecessor:} 16. Qa4 Kb8 17. Ne4 Nxe4 18. Bxe4 Qb5 19. Qxb5 {½-½ (19) Houska,J (2415)-Paehtz,E (2457) Porto Carras 2011}) 16... Ng6 17. Rhe1 Kb8 18. Rc1 Nd5 19. Nxd5 cxd5 20. Qa4 {Threatens to win with Ba5.} Rc8 21. e4 {And now Ba5 would win.} dxe4 22. Bxe4 {aiming for Rxc8+.} Nf4 {[#]} 23. Ba5 (23. h4 $1 $16 {[%mdl 512]}) 23... Qd6 $1 $11 24. Qb5 {[%csl Ge4][%cal Rb5b7]} Nd5 25. a3 a6 26. Qb3 Qd7 27. Rxc8+ Rxc8 28. Bxd5 exd5 29. Re5 Bf6 (29... Rc4 $11) 30. Rxd5 Qe6 {Strongly threatening ...Qe4+.} 31. Qg3+ (31. Bd2 $14) 31... Ka8 32. Qf3 Qc6 33. Bc3 Ka7 (33... g6 $11) 34. Rf5 $1 $14 {Hoping for Qxc6.} Qc4 35. Qe3 Qf1+ {[#]} 36. Kc2 $1 Ka8 37. Qd3 Qg2 38. Kb1 Rh8 39. Rf3 Rd8 40. Rf5 (40. Ka2 $16) 40... Rh8 $1 41. Rf3 Rd8 $1 42. Rf5 {Accuracy: White = 83%, Black = 78%.} (42. Ka2 $16) 1/2-1/2

[Event "20th Cvijet Mediterana 2020"]
[Site "Rijeka"]
[Date "2020.03.05"]
[Round "6.3"]
[White "Hrescak, Ivana"]
[Black "Doluhanova, Evgeniya"]
[Result "1/2-1/2"]
[WhiteElo "2182"]
[BlackElo "2258"]
[Annotator "TA"]
[PlyCount "132"]
[EventDate "2020.03.01"]
[EventType "tourn"]
[EventCountry "CRO"]
[SourceTitle "playchess.com"]
[Source "ChessBase"]
[SourceQuality "1"]

{[%evp 12,132,6,3,0,8,26,25,28,21,27,0,15,0,11,14,17,23,17,16,35,-14,-6,-8,-6,-14,-22,-24,-8,-32,-32,-30,-33,-47,-40,-49,-33,-44,-43,-137,-143,-158,-152,-145,-154,-175,-170,-181,-172,-162,-166,-186,-182,-204,-196,-219,-97,-97,-97,-97,-33,-33,-33,-33,-33,-33,-33,-33,-33,-33,-33,-33,-33,-33,-33,-33,-33,-33,-33,-62,-62,-62,-62,-97,-62,-97,-97,-104,-104,-104,0,0,0,0,0,0,0,0,0,0,0,0,0,0,0,0,0,0,0,0,0,0,0,0,0,0,0,0,0,0,0,0,0]} 1. d4 Nf6 2. c4 e6 3. Nc3 Bb4 4. e3 O-O 5. Bd3 c5 6. Nge2 d5 7. cxd5 cxd4 {E48: Nimzo-Indian: Rubinstein: 5 Bd3 d5 including 6 Ne2, but excluding 6 a3.} 8. exd4 exd5 9. O-O h6 $1 {[%mdl 4] White has an edge. is currently scoring better than 9...Nc6.} 10. a3 Bd6 11. Bf4 Nc6 12. Bc2 {[#]} Bxf4 $146 ({Predecessor:} 12... Bg4 13. f3 Be6 14. Qd3 Rc8 15. Rae1 Re8 16. Bxd6 Qxd6 17. Ng3 Qf4 18. Nce2 Qc7 19. Ba4 Bd7 {½-½ (47) Christiansen,L (2560)-Lein,A (2500) Estes Park 1986}) 13. Nxf4 Qd6 14. Qd2 a6 15. Rfe1 Bd7 16. Bb3 {[%cal Rf4d5]} Na5 $36 {[%mdl 2048] Black is more active.} 17. Ba2 {[%cal Rf4d5]} Nc4 18. Bxc4 dxc4 19. d5 b5 20. Ne4 Nxe4 21. Rxe4 Bf5 22. Rd4 Rfe8 23. Re1 Qf6 24. Rd1 Rad8 25. d6 {[#]} ({White should play} 25. h3 $15) 25... Bd3 $1 $17 {[%mdl 512]} 26. Qc3 (26. Nxd3 Qxd4) 26... Rxd6 27. Rxd6 Qxd6 28. Nxd3 {aiming for Re1.} Rd8 ({Worse is} 28... cxd3 29. Rxd3 Re1+ 30. Qxe1 $11) 29. Rd2 cxd3 $19 {[%mdl 4096] Endgame KQR-KQR} 30. h3 Qd5 31. Kh2 Rd6 32. f3 h5 33. Qb4 Rc6 (33... Qe5+ $19 {has better winning chances.} 34. f4 Qd5) 34. Qe4 $17 Qxe4 35. fxe4 {KR-KR} Rc2 ({Black should try} 35... Re6 $17 36. Rxd3 Rxe4) 36. Rxd3 $15 Rxb2 37. Rd8+ $1 Kh7 {...Rb3 is the strong threat.} 38. Ra8 $1 Ra2 39. Rxa6 {[#]} b4 $1 {[%mdl 512]} 40. a4 (40. axb4 Rxa6) 40... Re2 41. Ra5 Kg6 42. Rb5 Rxe4 43. a5 f6 44. a6 {Strongly threatening a7.} Re6 45. Rxb4 Rxa6 46. Rc4 Re6 47. Rc7 Kh6 48. Rc2 Re4 49. Rf2 h4 50. Rf3 Re1 (50... Kg5 $17 51. g3 Re2+ 52. Kg1 Rb2 53. gxh4+ Kxh4) 51. Rf4 $11 {The position is equal.} Kh5 52. Rf5+ $1 Kg6 53. Rf4 f5 54. Rxh4 Re4 (54... Kg5 $5 {[%cal Rg5h4]} 55. Ra4 Re2 $11) 55. Rh8 Kg5 56. Ra8 f4 57. Rf8 g6 58. Ra8 Re2 59. Rf8 $1 Ra2 60. Rf7 $1 Ra4 61. Rf8 $1 Kh6 62. Rf7 Rb4 63. Kg1 g5 64. Rf6+ Kg7 65. Ra6 Rb2 66. Rc6 Ra2 {And White is the lucky defender. Accuracy: White = 88%, Black = 89%.} 1/2-1/2

[Event "20th Cvijet Mediterana 2020"]
[Site "Rijeka"]
[Date "2020.03.05"]
[Round "6.4"]
[White "Unuk, Laura"]
[Black "Radikovic, Anamarija"]
[Result "1/2-1/2"]
[WhiteElo "2377"]
[BlackElo "1996"]
[Annotator "TA"]
[PlyCount "138"]
[EventDate "2020.03.01"]
[EventType "tourn"]
[EventCountry "CRO"]
[SourceTitle "playchess.com"]
[Source "ChessBase"]
[SourceQuality "1"]

{[%evp 18,138,-31,-35,0,0,0,0,7,-19,-10,-80,0,0,0,-36,-35,-29,-31,-43,-42,-53,-52,-44,-46,-54,-53,-63,-45,-47,-33,-52,-52,-55,-52,-58,-54,-70,-60,-80,-52,-71,-27,-27,-32,-29,0,0,0,-39,-35,-36,-33,-236,-231,-269,-207,-241,-125,-122,-118,-116,-121,-126,-112,-109,-82,-123,-65,-93,-61,-151,-151,-143,-132,-151,-151,-187,-179,-212,0,-80,0,-145,-150,-170,-20,-217,-209,-200,-207,-206,-177,-203,-67,-67,-67,-63,0,0,0,0,0,0,0,0,0,-59,-59,-59,0,0,0,0,0,0,0,0,0,0,0,0,0]} 1. d4 Nf6 2. c4 e6 3. Nc3 Bb4 4. e3 O-O 5. Bd3 d5 6. Nf3 c5 7. O-O Nc6 8. Ne2 cxd4 9. exd4 dxc4 10. Bxc4 Ne7 {E56: Nimzo-Indian: Rubinstein: Main Line: 7...Nc6.} 11. a3 Bd6 12. Bg5 {[#]} Ng6 $146 ({Predecessor:} 12... Ned5 13. Bxd5 exd5 14. Qb3 Bg4 15. Bxf6 Qxf6 16. Qxd5 Rad8 17. Qe4 Bxf3 18. Qxf3 Qxf3 19. gxf3 {½-½ (38) Portisch,F (2400)-De Vreugt,D Haarlem 1993}) 13. h4 Be7 14. Bc1 (14. Rc1 $11) 14... Bd6 (14... b6 $17) 15. Bg5 $11 Be7 16. Ng3 Nd5 17. Bxe7 Ngxe7 18. h5 h6 19. Qe2 b6 20. Qe4 Rb8 21. Ne5 Nf6 22. Qe3 Ned5 23. Qd2 {next Nc6 is good for White.} Bb7 24. Rad1 Rc8 25. Bd3 Rc7 26. f4 Ne7 27. Bb1 Qd5 28. Qe2 Nc6 29. Rd2 Na5 ({Worse is} 29... Nxd4 30. Qf2 $16) 30. Qf2 Ba6 31. Re1 Rfc8 32. f5 Rc1 $1 33. Rdd1 Rxd1 34. Rxd1 Nc6 $36 {[%mdl 2048] Black has the initiative.} 35. Nf3 $2 {[#]} (35. Nxc6 $15 Rxc6 36. Qf3) 35... e5 $1 $19 36. Bc2 {Black must now prevent dxe5.} Ng4 37. Qd2 Nxd4 ({Black should try} 37... exd4 $19 38. Be4 Qd6) 38. Nxd4 $17 exd4 39. Qxd4 Qxd4+ 40. Rxd4 Rxc2 41. Rxg4 $19 {[%mdl 4096] Endgame KRB-KRN} f6 42. Ne4 Kf7 (42... Be2 $17 43. Rg3 Kf8) 43. b4 Be2 44. Nd6+ (44. Rf4 $15) 44... Ke7 $17 45. Rd4 Bxh5 46. Nb5 a6 47. Re4+ {[#]} Kd7 $1 48. Rd4+ Ke7 (48... Kc6 $19 49. Nd6 Rc3) 49. Re4+ Kd7 (49... Kf7 $17 50. Nd4 Rc3) 50. Nd4 (50. Rd4+ $1 $11 {was the only way to keep the balance.} Kc6 51. Nd6) 50... Rc4 51. Kf2 g6 (51... a5 $19 {...Kd6 is the strong threat.} 52. bxa5 bxa5) 52. g4 $2 (52. fxg6 $11 {and White has nothing to worry.} Bxg6 53. Rf4) 52... gxf5 $19 53. gxf5 Bf7 54. Ke2 Rc3 55. Ne6 Bxe6 (55... Rxa3 $19 {aiming for ...Kd6.} 56. Nf8+ Kd6) 56. Rxe6 {KR-KR} Rc6 57. Re3 Kd6 ({Black should play} 57... h5 $15) 58. Kf3 $11 a5 59. b5 Rc5 60. Re6+ {[%mdl 64] [#] Double Attack} Kd7 $1 61. Rxb6 Rxf5+ 62. Kg4 ({Better is} 62. Ke4 $11 Rg5 63. Rxf6) 62... Rg5+ 63. Kf4 a4 (63... h5 $15) 64. Rxf6 {The position is equal.} Rxb5 65. Ra6 Rh5 66. Kg4 Rg5+ 67. Kh4 Rb5 68. Rxa4 Kc6 69. Ra6+ Rb6 {White happily takes the draw. Accuracy: White = 61%, Black = 66%.} 1/2-1/2

[Event "20th Cvijet Mediterana 2020"]
[Site "Rijeka"]
[Date "2020.03.05"]
[Round "6.5"]
[White "Geller, Anastasiya"]
[Black "Dordzhieva, Dinara"]
[Result "1/2-1/2"]
[WhiteElo "2161"]
[BlackElo "2340"]
[Annotator "TA"]
[PlyCount "72"]
[EventDate "2020.03.01"]
[EventType "tourn"]
[EventCountry "CRO"]
[SourceTitle "playchess.com"]
[Source "ChessBase"]
[SourceQuality "1"]

{[%evp 11,72,8,14,-5,3,0,23,8,11,22,14,18,22,20,27,-19,-19,-9,-16,-22,-1,-21,0,-8,5,0,14,12,23,15,16,14,23,0,29,35,47,19,21,0,0,0,0,0,0,-22,0,0,0,0,0,0,0,0,0,0,0,0,0,0,0,0,0]} 1. Nf3 d5 2. g3 c6 3. Bg2 Bg4 4. O-O Nd7 5. d3 Ngf6 6. h3 Bh5 7. Qe1 {A07: Réti Opening: New York and Capablanca Systems.} e5 8. e4 Be7 9. exd5 {White has an edge.} Bxf3 10. Bxf3 Nxd5 11. Nc3 {[#]} Nc7 $146 ({Predecessor:} 11... Nxc3 12. bxc3 O-O 13. Rb1 Qc7 14. Bg2 Bc5 15. Kh2 Rfe8 16. Qe4 Nf6 17. Qc4 Bb6 {½-½ (59) Fressinet,L (2667)-Rublevsky,S (2683) Paris 2017}) 12. Bg4 f6 13. Bh5+ g6 14. Bf3 O-O 15. Bg2 Ne6 16. Ne2 Bd6 17. Qd1 Qc7 18. d4 exd4 19. Nxd4 Rfe8 20. c3 Nxd4 21. Qxd4 Rad8 22. Be3 ({But not} 22. Qxa7 $2 Nb6 $19) 22... Be5 23. Qc4+ Kg7 24. Rae1 Nb6 {The position is equal.} 25. Qh4 Qf7 26. Qh6+ Kg8 27. a3 Nc4 28. Bc1 f5 29. Rd1 Bf6 30. Qf4 Ne5 31. Qa4 Nd3 32. Qc2 Nxc1 33. Qxc1 Qe6 34. Rde1 Qb3 35. Rxe8+ Rxe8 36. Bf3 Qe6 {Accuracy: White = 91%, Black = 96%.} 1/2-1/2

[Event "20th Cvijet Mediterana 2020"]
[Site "Rijeka"]
[Date "2020.03.05"]
[Round "7.1"]
[White "Dordzhieva, Dinara"]
[Black "Vujnovic, Patricija"]
[Result "1-0"]
[WhiteElo "2340"]
[BlackElo "2103"]
[Annotator "TA"]
[PlyCount "99"]
[EventDate "2020.03.01"]
[EventType "tourn"]
[EventCountry "CRO"]
[SourceTitle "playchess.com"]
[Source "ChessBase"]
[SourceQuality "1"]

{[%evp 13,99,0,0,11,37,0,0,13,14,11,39,-5,25,25,25,25,16,17,24,21,42,10,13,14,43,43,46,38,59,39,50,38,56,46,49,47,89,86,92,69,56,56,379,377,371,379,372,372,400,351,408,403,475,372,408,408,412,402,427,370,486,359,451,429,513,502,582,582,551,551,610,477,482,447,659,655,840,685,862,841,818,801,29957,9021,29993,29986,29985,29986]} 1. Nf3 d5 2. g3 Nf6 3. Bg2 e6 4. c4 Be7 5. d4 O-O 6. O-O dxc4 7. Qc2 b5 8. a4 {E05: Open Catalan: 5 Nf3 Be7.} b4 9. Nbd2 (9. Ne5 $5 {[%cal Rg2a8]} Qxd4 10. Bxa8 Qxe5 11. Bf4 $11) 9... Bb7 10. Nxc4 {The position is equal.} Be4 {10...Be4 was played by the boomers.} 11. Qb3 Nbd7 {[#]} 12. Bg5 $146 ({Predecessor:} 12. Rd1 Bd5 13. Nfe5 Nb6 14. Bf4 Nh5 15. e4 Bxc4 16. Nxc4 Nxf4 17. gxf4 Nxc4 18. Qxc4 {1-0 (39) Bruzon Batista,L (2653)-Mousavi,S (2424) Bandar e Anzali 2017}) 12... h6 13. Bxf6 Nxf6 14. Rfd1 Qd5 15. Rac1 Qb7 16. Qe3 Rac8 17. Ncd2 (17. Na5 $5 {[%cal Ra5b7]} Qa8 18. Bh3 $11) 17... Bd5 18. Nb3 Qa6 19. Ne5 Qxa4 20. Bxd5 Nxd5 21. Qd3 Bd6 22. Nc6 {And now Nba5 would win.} Nc3 23. bxc3 Qxc6 24. cxb4 Qb7 25. Na5 {[%cal Bb3a5,Ba5c4,Bc4d6,Bd6b5,Bb5d4,Bd4f3][%mdl 32]} Qb6 26. Rc6 Qxb4 27. Ra6 $1 {Threatens to win with Rb1.} c5 $2 {[%mdl 8192] [#] This move loses the game for Black.} (27... Qa3 $1 $14) 28. Nc4 $1 $18 cxd4 {White must now prevent ...Bxg3.} 29. Nxd6 Rc7 30. Qxd4 Qb3 31. Qd3 Qb4 32. Rb1 Qg4 33. Qe4 Qg5 34. Nb5 Rc5 35. Nd4 Rc4 {Now ...e5 and Black clings on.} 36. Qd3 Qd5 37. Nf3 Qc5 {[#]} 38. Rxa7 $1 {[%mdl 512]} Rc3 (38... Qxa7 39. Qxc4) 39. Qd4 Rc1+ 40. Rxc1 Qxc1+ 41. Kg2 Qc2 42. Qd3 Qc6 43. Rd7 g5 (43... Ra8 $142 44. e4 Qc5) 44. h3 h5 45. Rd6 Qb7 46. Qd2 f6 47. Qd3 f5 48. Rd7 Qa8 49. Qd4 {[%csl Gd7][%cal Rd4g7]} Rf7 50. Rd8+ {[%mdl 64] Double Attack. Accuracy: White = 80%, Black = 44%.} 1-0

[Event "20th Cvijet Mediterana 2020"]
[Site "Rijeka"]
[Date "2020.03.05"]
[Round "7.2"]
[White "Radikovic, Anamarija"]
[Black "Geller, Anastasiya"]
[Result "1/2-1/2"]
[WhiteElo "1996"]
[BlackElo "2161"]
[Annotator "TA"]
[PlyCount "76"]
[EventDate "2020.03.01"]
[EventType "tourn"]
[EventCountry "CRO"]
[SourceTitle "playchess.com"]
[Source "ChessBase"]
[SourceQuality "1"]

{[%evp 12,76,8,4,25,31,31,30,21,24,35,37,28,11,14,0,18,0,10,0,0,-2,2,0,0,0,0,0,-2,-13,-6,-9,0,-7,-4,-12,-17,-15,0,-81,-71,-89,-89,-108,-94,-88,-53,-48,-49,-55,-52,-59,-36,-33,-25,-35,-23,-23,-24,-26,-27,-28,-28,-28,-28,-28,-20]} 1. d4 Nf6 2. c4 e6 3. Nf3 d5 4. Nc3 Be7 5. cxd5 exd5 6. Bg5 c6 7. e3 Nh5 {D35: Queen's Gambit Declined: Exchange Variation.} 8. Bxe7 Qxe7 9. Qc2 Be6 {White has an edge.} 10. Bd3 g6 11. O-O O-O {[#]} 12. Ne2 $146 ({Predecessor:} 12. Rfe1 Nd7 13. Rab1 Qf6 14. b4 Rac8 15. Na4 Rfe8 16. Nc5 b6 17. Nxd7 Bxd7 18. Rec1 {1-0 (43) Dittmar,P (2326)-Salamon,W (2174) Oberwart 2005}) 12... Nd7 13. Rfc1 Ng7 14. Nf4 Bf5 15. Rab1 a5 16. a3 a4 17. Re1 Bxd3 18. Nxd3 Nf5 19. Nfe5 Nxe5 20. Nxe5 Nd6 21. Rbc1 Ra5 {[%cal Ba8a5,Ba5b5,Bb5b3][%mdl 32]} 22. Qd1 Rfa8 23. Qf3 Rb5 24. Rc2 Rb3 25. Qf4 (25. Qe2 $11) 25... f6 26. Ng4 Rf8 {And now ...h5 would win.} 27. h4 h5 28. Nh2 Qe4 (28... g5 {is interesting.} 29. Qf3 Qh7 30. Qd1 Nc4 31. Qe2 Qd3) 29. Qxe4 Nxe4 30. Ree2 Ra8 31. Nf3 Nd6 32. Nd2 Rb5 33. Nb1 Kf7 34. Nc3 {Black has an edge.} Rba5 35. Na2 Re8 36. g3 Re7 37. Kg2 Ra8 38. Nb4 Rae8 {Accuracy: White = 96%, Black = 96%.} 1/2-1/2

[Event "20th Cvijet Mediterana 2020"]
[Site "Rijeka"]
[Date "2020.03.05"]
[Round "7.3"]
[White "Doluhanova, Evgeniya"]
[Black "Unuk, Laura"]
[Result "0-1"]
[WhiteElo "2258"]
[BlackElo "2377"]
[Annotator "TA"]
[PlyCount "84"]
[EventDate "2020.03.01"]
[EventType "tourn"]
[EventCountry "CRO"]
[SourceTitle "playchess.com"]
[Source "ChessBase"]
[SourceQuality "1"]

{[%evp 14,84,7,-1,-4,-30,-18,-13,16,-58,-58,-55,-64,-90,-86,-87,-57,-51,-28,-53,-35,-35,-35,-53,-54,-65,-61,-64,-66,-77,-46,-34,-35,-73,-51,-127,-133,-142,-94,-100,-77,-250,-218,-236,-235,-251,-242,-243,-241,-220,-236,-248,-232,-259,-212,-630,-489,-506,-502,-540,-532,-538,-542,-520,-520,-475,-379,-1380,-1252,-1476,-1045,-1752,-1756]} 1. Nf3 d5 2. b3 Nf6 3. Bb2 Bg4 4. e3 Nbd7 5. h3 Bh5 6. c4 e6 7. Be2 c6 8. d3 Bb4+ {A12: English Opening: 1...c6 with b3 by White.} 9. Nbd2 Bxf3 10. gxf3 dxc4 {[#] The position is equal.} 11. dxc4 $146 (11. bxc4 $11 e5 12. O-O) ({Predecessor:} 11. bxc4 Nc5 12. a3 Ba5 13. Qc2 Qd6 14. Rd1 e5 15. Kf1 O-O 16. Rg1 Qe6 17. Rg5 Qxh3+ {1-0 (49) Manakov,I (2350)-Wenninger,P (2220) Ditzingen 2013}) 11... Nc5 $15 {Hoping for ...Qa5.} 12. Qc2 Qa5 $1 13. Bxf6 gxf6 14. O-O-O O-O-O 15. Nb1 Nd7 16. Rhg1 Qc5 17. f4 a5 18. Nc3 f5 19. Bf3 Qe7 20. Ne2 a4 21. Kb1 axb3 22. Qxb3 Kc7 23. Nd4 Ra8 24. Nc2 (24. Rg7 $15 Bc5 25. Qb2) 24... Bd6 $17 25. Qb2 Rhd8 26. Rg7 Ra6 27. Kc1 $2 {This costs White the game.} (27. Nd4 $17) 27... Rda8 28. Bh5 {aiming for c5.} Rxa2 29. Qd4 e5 30. Qc3 {[#] c5 is the strong threat.} Rf8 $1 ({Less strong is} 30... exf4 31. Rxf7 Qe4 32. Qd3 $15) ({Stronger than} 30... Ba3+ 31. Kb1 $11) 31. Qb3 Ra6 {And now ...Nc5 would win.} 32. Qd3 e4 33. Qc3 Nc5 34. Nb4 $2 {[#]} (34. Rxh7 Nd3+ 35. Rxd3 exd3 36. Qxd3) 34... Ra1+ $1 {[%mdl 512]} 35. Kc2 (35. Qxa1 Nb3+) 35... Rxd1 36. Kxd1 Ne6 37. Nd5+ cxd5 38. cxd5+ Nc5 39. Rxh7 Kb8 {Threatens to win with ...Qh4.} 40. Rh6 $2 (40. Be2) 40... f6 $19 {Black is clearly winning.} 41. Be2 Qf7 42. Qd2 Nb3 {Accuracy: White = 54%, Black = 85%.} 0-1

[Event "20th Cvijet Mediterana 2020"]
[Site "Rijeka"]
[Date "2020.03.05"]
[Round "7.4"]
[White "Smirnova, Ekaterina"]
[Black "Hrescak, Ivana"]
[Result "0-1"]
[WhiteElo "2266"]
[BlackElo "2182"]
[Annotator "RC"]
[PlyCount "62"]
[EventDate "2020.03.01"]
[EventType "tourn"]
[EventCountry "CRO"]
[SourceTitle "playchess.com"]
[Source "ChessBase"]
[SourceQuality "1"]
[TimeControl "5400+30"]

1. d4 {[%emt 0:00:00]} Nf6 {[%emt 0:00:00]} 2. c4 {[%emt 0:00:00]} g6 {[%emt 0:00:00]} 3. Nc3 {[%emt 0:00:00]} Bg7 {[%emt 0:00:00]} 4. e4 {[%emt 0:00:00]} d6 {[%emt 0:00:00]} 5. Nf3 {[%emt 0:00:00]} O-O {[%emt 0:00:01]} 6. Be2 {[%emt 0:00:00]} e5 {[%emt 0:00:06]} 7. O-O {[%emt 0:00:00]} Nc6 {[%emt 0:00:03]} 8. d5 {[%emt 0:00:00]} Ne7 {[%emt 0:00:05]} 9. b4 {[%emt 0:00:01]} a5 {[%emt 0:02:02]} 10. Ba3 {[%emt 0:00:01]} axb4 {[%emt 0:00:49]} 11. Bxb4 {[%emt 0:00:01]} Nd7 {[%emt 0:00:36]} 12. a4 {[%emt 0:06:27]} h6 {[%emt 0:03:02]} 13. a5 {[%emt 0:03:21]} f5 {[%emt 0:00:14]} 14. Nd2 {[%emt 0:01:04]} fxe4 {[%emt 0:01:30]} 15. Ndxe4 {[%emt 0:01:15]} Nf5 {[%emt 0:00:16]} 16. c5 {[%emt 0:03:26]} dxc5 {[%emt 0:02:02]} 17. Nxc5 {[%emt 0:00:14]} Nxc5 {[%emt 0:00:46]} 18. Bxc5 {[%emt 0:00:01]} Re8 {[%emt 0:01:34]} 19. Ne4 {[%emt 0:01:21]} Nd4 {[%emt 0:05:10]} 20. Bc4 {[%emt 0:00:47]} Kh7 {[%emt 0:01:15]} 21. Qd3 {[%emt 0:07:25]} Bf5 {[%emt 0:04:30]} 22. Rfb1 {[%emt 0:04:58]} b6 {[%emt 0:06:55]} 23. axb6 {[%emt 0:00:00]} Rxa1 {[%emt 0:00:08]} 24. Rxa1 {[%emt 0:00:00]} cxb6 {[%emt 0:00:09]} 25. Bb4 {[%emt 0:00:00]} b5 {[%emt 0:01:59]} 26. Ba2 {[%emt 0:00:05]} Qh4 {[%emt 0:03:06]} 27. f3 {[%emt 0:00:59]} Ra8 {[%emt 0:01:32]} 28. Bc3 {[%emt 0:09:53]} Bxe4 {[%emt 0:11:52]} 29. fxe4 {[%emt 0:00:23]} Ra3 {[%emt 0:00:10]} 30. d6 {[%emt 0:10:22]} Rxc3 {[%emt 0:03:07]} 31. Qf1 {[%emt 0:00:01]} Qf6 {[%emt 0:09:15]} 0-1